000 01340nam0a22003131 4500
001 rc\4476701
005 20250612093742.0
021 _aRU
_b[63-91913]
035 _a(NLR Aleph) 008599624
090 _a8695612
_c8695612
100 _a20130416d1963 |||y0rusy50 ca
101 0 _arus
102 _aRU
105 _aab g |||||
200 1 _aКраткий справочник по трубам и малым мостам
_fПод общ. ред. д-ра техн. наук проф. Е.В. Болдакова
205 _a3-е изд., перераб.
210 _aМосква
_cАвтотрансиздат
_d1963
215 _a182 с.
_cчерт., карт.
_d22
300 _aПеред загл. авт.: О.В. Андреев, Е.В. Болдаков, К.В. Гайдук и др.
606 _aДорожные трубы
_xПроектирование
_jСправочники
_2psbo
606 _aМосты на автомобильных дорогах
_xПроектирование
_jСправочники
_2psbo
701 1 _aБолдаков
_bЕ.В.
_gЕвгений Васильевич
_4340
701 1 _aГайдук
_bК.В.
701 1 _aАндреев
_bО.В.
_gОлег Владимирович
801 0 _aRU
_bNLR
_gpsbo
801 1 _aRU
_bELAR
_2rusmarc
852 _aNLR
_j63-5/5986
942 _cBOOK
980 _aNB